[Event "Vereinsjugendmeisterschaft 2024"]
[Site "Steinfurt"]
[Date "2024.05.19"]
[Round "4.6"]
[White "Rathmann, Jenny"]
[Black "Hengelman, Nick"]
[Result "0-1"]
[WhiteElo "792"]
[BlackElo "1011"]
[PlyCount "88"]
[Beauty "7358352723512"]
[GameId "2056110788198596"]
[EventDate "2024.??.??"]
[WhiteTeam "SC Steinfurt 1996 e. V."]
[BlackTeam "SC Steinfurt 1996 e. V."]

{[%evp 10,88,7,0,153,132,230,152,236,67,280,271,269,250,266,267,272,4,8,-98,-7,-18,-12,-134,-142,-317,-169,-176,120,-409,239,249,220,193,188,110,280,47,46,5,168,16,243,0,0,0,0,0,41,-495,-489,-487,-486,-485,-481,-503,-492,-29998,-577,-29986,-29987,-29987,-29988,-29991,-29992,-29995,-29990,-29991,-29992,-29992,-29993,-29993,-29994,-29997,-29994,-29998,-29994,-29994,-29994,-29998,-29999]} 1. e4 e5 2. Nf3 Nc6 3. Nc3 Bc5 4. Bb5 Nf6 5. Bxc6 dxc6 6. Nxe5 {Schwarz muss nun Sf3 beachten.} Qd4 $2 {[%eval 153,23] [%wdl 873,127,0] C48: Vierspringerspiel (Rubinstein-Variante).} (6... Bd4 $11 {[%eval 0,27] [%wdl 33,935,32]} 7. Nf3 Bxc3 8. bxc3 Nxe4) 7. Nd3 $16 {Ein dynamisches Springerpaar.} b6 {[%eval 230,21] [%wdl 990,10,0]} (7... Nxe4 $2 8. Qe2 $18) (7... Bb6 $16 {[%eval 132,24] [%wdl 769,231,0]}) 8. O-O O-O $146 {[%eval 236,23] [%wdl 992,8,0]} (8... Nxe4 $2 9. Nxe4 Be7 (9... Qxe4 $2 10. Re1 $18 {[%mdl 64] Fesselung}) 10. Re1 $18) (8... Be7 $16 {[%eval 152,23] [%wdl 869,131,0] war nötig.}) ({Vorgänger:} 8... Ng4 9. h3 Nh6 10. b3 Qf6 11. Bb2 Qg6 12. Qf3 O-O 13. Na4 Bd6 14. Rfe1 Re8 {1-0 Scherer,R-Masson,N BRA-ch U16 Girls Foz do Iguacu 2011 (2.15)}) 9. h3 $2 {[%eval 67,27] [%wdl 256,741,3]} (9. Nxc5 $18 {[%eval 236,23] [%wdl 992,8,0]} Qxc5 10. d3) 9... Re8 $2 {[%eval 280,22] [%wdl 999,1,0]} (9... Nxe4 $14 {[%eval 67,27] [%wdl 256,741,3]} 10. Nxe4 Qxe4) 10. Nxc5 $18 Qxc5 11. Re1 Qg5 12. d3 Qg6 13. e5 $2 {[%eval 4,27] [%wdl 26,955,19]} (13. Kh2 $18 {[%eval 272,24] [%wdl 999,1,0]}) 13... Bxh3 $1 $11 {[%csl Gh3][%cal Rg6g2]} 14. g3 {[%eval -98,26] [%wdl 0,495,505]} (14. Qf3 $1 $11 {[%eval 8,29] [%wdl 29,956,15]} Bd7 15. Bd2) 14... Nh5 {[%eval -7,26] [%wdl 14,960,26]} (14... Nd7 $17 {[%eval -98,26] [%wdl 0,495,505]} 15. Bf4 Qf5) 15. Qf3 Re6 16. Bf4 {[%eval -134,19] [%wdl 0,187,813]} (16. Bd2 $11 {[%eval -12,29] [%wdl 10,961,29] hält das Gleichgewicht.}) 16... Rf8 $17 {Zielt auf ...f6 ab.} 17. Re4 $2 {[%eval -317,22] [%wdl 0,0,1000]} (17. Bd2 $17 {[%eval -142,25] [%wdl 0,139,861]} f6 18. Qh1) 17... Bg4 {[%eval -169,26] [%wdl 0,47,953]} (17... f6 $142 {[%eval -317,22] [%wdl 0,0,1000] ...fxe5 wäre nun fies.} 18. Bd2 fxe5 {[%csl Of3][%mdl 64] Abzugsangriff} (18... Rxe5 19. Rae1 $11)) 18. Qg2 $19 Qf5 $2 {[%eval 120,25] [%wdl 722,278,0]} (18... Nxf4 $19 {[%eval -176,27] [%wdl 0,36,964]} 19. Rxf4 Rxe5) 19. Ne2 $2 {[%eval -409,24] [%wdl 0,0,1000][%mdl 8192]} (19. f3 $1 $16 {[%eval 120,25] [%wdl 722,278,0][%cal Rf3g4] ist erzwungen, um die Oberhand zu behalten.}) 19... Rfe8 $4 {[%eval 239,23] [%wdl 998,2,0][%mdl 8192]} (19... Bxe2 $1 $19 {[%eval -409,24] [%wdl 0,0,1000] und alles wird gut.} 20. Re1 Bg4) 20. Nd4 $18 {[%csl LRe6,LRf5]} Qg6 21. Nxe6 Bxe6 22. c4 {[%eval 110,26] [%wdl 633,367,0] Lässt Ld5 nicht zu} (22. Ra4 $18 {[%eval 188,25] [%wdl 983,17,0]}) 22... b5 $2 {[%eval 280,25] [%wdl 1000,0,0]} (22... Bf5 $16 {[%eval 110,26] [%wdl 633,367,0]}) 23. cxb5 $2 {[%eval 47,28] [%wdl 83,916,1]} ({Besser ist} 23. Be3 $18 {[%eval 280,25] [%wdl 1000,0,0]}) 23... Bd5 $14 24. bxc6 {[%cal Of4d2] Und Ld2! würde nun gewinnen.} Qxc6 $2 {[%eval 168,25] [%wdl 965,35,0]} (24... Nxf4 $11 {[%eval 5,28] [%wdl 12,981,7] und Schwarz muss sich keine Sorgen machen.} 25. gxf4 Bxe4 26. dxe4 Qxc6) 25. Rc1 $2 {[%eval 16,26] [%wdl 18,978,4]} (25. Be3 $18 {[%eval 168,25] [%wdl 965,35,0]}) 25... Qb5 $2 {[%eval 243,26] [%wdl 999,1,0] [#]} (25... Nxf4 $1 $11 {[%eval 16,26] [%wdl 18,978,4] und Schwarz steht sicher.} 26. Rxc6 Nxg2) 26. Qh3 $2 {[%eval 0,39] [%wdl 8,984,8]} Nxf4 27. Rxf4 Qxb2 28. Rxc7 Qxa2 29. Rc8 $2 {[%eval -495,32] [%wdl 0,0,1000][%mdl 8192]} (29. Rc1 $14 {[%eval 41,28] [%wdl 49,950,1] behält die Oberhand.} h6 30. d4 (30. Qd7 Rxe5 31. Rf5 Qb2 $11)) 29... Qb1+ 30. Qf1 Qxf1+ 31. Kxf1 Rxc8 $19 {[%mdl 4096] Endspiel. KTL-KT} 32. Rb4 Bf3 {[%cal Rc8c1]} 33. Kg1 {[%eval -32763,32] [%wdl 0,0,1000]} (33. Ke1 $19 {[%eval -492,28] [%wdl 0,0,1000]}) 33... a5 {[%eval -577,30] [%wdl 0,0,1000]} (33... Rc1+ $142 {[%eval -32763,32] [%wdl 0,0,1000]} 34. Kh2 Rh1#) 34. Rc4 Rxc4 {Schwarz setzt Matt.} 35. dxc4 {KL-KB} a4 36. c5 a3 37. c6 Bxc6 {KL-K3B} 38. f4 a2 39. f5 a1=Q+ 40. Kf2 Qxe5 41. Kf1 Qxf5+ 42. Kg1 Qh3 {[%csl Gc6][%cal Rh3g2]} 43. Kf2 Qg2+ 44. Ke1 Bf3 {Gewichteter Fehlerwert: Weiß=1.13/Schwarz=1.00.  Verlustzug:     	Weiß=3     	Schwarz=4     Gewinn verpasst:   	Weiß=4     	Schwarz=2     Fehler:       	Weiß=5     	Schwarz=5     Ungenau:       	Weiß=3     	Schwarz=1     OK:         	Weiß=5     	Schwarz=5     Bester:       	Weiß=3     	Schwarz=2     Stark:        	---       	Schwarz=1} 0-1

[Event "Vereinsjugendmeisterschaft 2024"]
[Site "Steinfurt"]
[Date "2024.05.19"]
[Round "4.7"]
[White "Anders, Linus"]
[Black "Schal, Michael"]
[Result "0-1"]
[WhiteElo "751"]
[BlackElo "1237"]
[PlyCount "42"]
[Beauty "8246358184968"]
[GameId "2056110788202693"]
[EventDate "2024.??.??"]
[WhiteTeam "SC Steinfurt 1996 e. V."]
[BlackTeam "SC Steinfurt 1996 e. V."]

{[%evp 10,41,14,0,80,-28,-28,-29,-23,-34,-34,-64,0,-393,-219,-341,-228,-221,176,-148,62,-35,29,-492,-486,-29995,-29996,-29996,-29997,-29997,-29998,-29998,-29999,-29999]} 1. e4 e5 2. Nf3 Nc6 3. Nc3 Bc5 4. Bc4 Nf6 5. O-O d6 6. h3 Na5 {[%eval 80,24] [%wdl 353,645,2] C50: Italienische Partie.} (6... h6 $11 {[%eval 0,31] [%wdl 32,935,33] bleibt in der Remisbreite.}) 7. d3 {[%eval -28,25] [%wdl 13,904,83]} (7. Bb5+ $16 {[%eval 80,24] [%wdl 353,645,2]} Nc6 8. d4 exd4 9. Nxd4 Bxd4 10. Qxd4) 7... Nxc4 $11 8. dxc4 Be6 {Schwarz hat minimalen Vorteil.} 9. b3 h6 $146 ({Vorgänger:} 9... O-O 10. Bg5 h6 11. Bh4 c6 12. Bxf6 Qxf6 13. Na4 Bb4 14. Qd3 Qg6 15. Ne1 f5 {0-1 Bauer,L (1366)-Oezyar,A (1134) Heusenstamm Sparkassen op U14 5th 2018 (7)}) 10. Be3 Bb4 {[%eval 0,29] [%wdl 26,948,26]} (10... Bxe3 $15 {[%eval -64,22] [%wdl 3,769,228]} 11. fxe3 a5) 11. Qd2 $2 {[%eval -393,23] [%wdl 0,0,1000][%mdl 8192] [#]} (11. Nd5 $11 {[%eval 0,29] [%wdl 26,948,26] und Weiss muss sich keine Sorgen machen.} Ba5 12. Bd2 Bxd2 13. Nxd2) 11... Qd7 {[%eval -219,25] [%wdl 0,10,990]} (11... Nxe4 $142 {[%eval -393,23] [%wdl 0,0,1000]} 12. Nxe4 Bxd2 13. Bxd2 f5) 12. a3 {[%eval -341,24] [%wdl 0,0,1000]} (12. Qd3 $142 {[%eval -219,25] [%wdl 0,10,990]} Bxc3 13. Qxc3) 12... Bxc3 13. Qxc3 g5 $4 {[%eval 176,24] [%wdl 955,45,0][%mdl 8192] [#]} (13... Nxe4 $19 {[%eval -221,23] [%wdl 0,9,991]} 14. Qe1 f5) 14. c5 $2 {[%eval -148,23] [%wdl 0,121,879]} ({Weiss kommt nicht vorbei an} 14. Nxe5 $1 $18 {[%eval 176,24] [%wdl 955,45,0]} Nxe4 (14... dxe5 $2 15. Qxe5 O-O-O 16. Qxf6 $18) 15. Nxd7 Nxc3 16. Nf6+ Ke7 17. Nh5) 14... g4 $2 {[%eval 62,30] [%wdl 194,804,2]} (14... Nxe4 $17 {[%eval -148,23] [%wdl 0,121,879]} 15. Qd3 Bf5 (15... Nxc5 16. Bxc5 dxc5 17. Qxd7+ Bxd7 18. Nxe5 $15) 16. cxd6 cxd6) 15. hxg4 {[%eval -35,24] [%wdl 5,922,73]} ({Besser ist} 15. Nxe5 $14 {[%eval 62,30] [%wdl 194,804,2]} Nxe4 (15... dxe5 16. Qxe5 Qe7 17. Bd4 $16) 16. Nxd7 {[%csl Oh8][%mdl 64] Abzugsangriff} Nxc3 17. Nf6+ Ke7 18. Nxg4) 15... Bxg4 {[%eval 29,25] [%wdl 56,939,5]} ({Vorzuziehen ist} 15... Qc6 $15 {[%eval -35,24] [%wdl 5,922,73]}) 16. Rad1 $2 {[%eval -492,23] [%wdl 0,0,1000][%mdl 8192] Davon erholt Weiß sich nicht mehr.} (16. Nh4 $11 {[%eval 29,25] [%wdl 56,939,5] und Weiss steht sicher.}) 16... Bxf3 $19 ({Viel schwächer ist} 16... Nxe4 17. Qxe5+ dxe5 18. Rxd7 Bxd7 19. Nxe5) 17. Rd2 {[%eval -32757,26] [%wdl 0,0,1000]} (17. cxd6 $19 {[%eval -486,28] [%wdl 0,0,1000]} cxd6 (17... Bxd1 $2 18. Qxe5+ Qe6 19. Qb5+ c6 20. Qxb7 $19) 18. Bg5 (18. gxf3 $2 {ist das falsche Schlagen.} Qh3 $19) 18... Bxd1 (18... hxg5 $2 19. Qxf3 Ke7 20. a4 $19) 19. Bxf6) 17... Qg4 {[%csl Gf3][%cal Rg4g2] Schwarz setzt Matt.} 18. g3 Qh3 {[%csl Gf3][%cal Rh3h1]} 19. Qxe5+ dxe5 {[%csl Gf3][%cal Rh3h1]} 20. Rd8+ Rxd8 {[%csl Gf3][%cal Rh3h1]} 21. Rd1 Qg2# {Gewichteter Fehlerwert: Weiß=1.58/Schwarz=0.97.  Verlustzug:     	Weiß=2     	---        Gewinn verpasst:   	Weiß=1     	Schwarz=1     Fehler:       	Weiß=4     	Schwarz=4     Ungenau:       	Weiß=1     	Schwarz=1     OK:         	---       	Schwarz=4     Bester:       	---       	Schwarz=1} 0-1

[Event "Vereinsjugendmeisterschaft 2024"]
[Site "Steinfurt"]
[Date "2024.05.19"]
[Round "4.8"]
[White "Bernemann, Felix"]
[Black "Tuncer, Daniel"]
[Result "1-0"]
[WhiteElo "750"]
[BlackElo "836"]
[Annotator "Taktische Analyse 6.4"]
[PlyCount "71"]
[Beauty "7973476499466"]
[GameId "2056110788206790"]
[EventDate "2024.??.??"]
[WhiteTeam "SC Steinfurt 1996 e. V."]
[BlackTeam "SC Steinfurt 1996 e. V."]

{[%evp 9,70,-49,-43,-42,15,-2,-3,0,33,20,250,93,228,211,260,217,304,279,349,129,198,55,71,16,435,133,423,86,137,-27,-25,-32,113,-13,12,-95,35,36,54,-29,4,0,33,38,255,227,296,170,286,225,287,119,135,137,655,651,669,108,760,388,29975,340,29999]} 1. d4 Nc6 2. Nc3 d5 3. e3 Nb4 4. Bb5+ c6 $146 ({Vorgänger:} 4... Bd7 5. Bf1 Nh6 6. a3 Rc8 7. axb4 Ng4 8. Nxd5 h6 9. h3 f6 10. hxg4 Ra8 11. g5 hxg5 12. Rxh8 Bc6 13. Qh5+ Kd7 14. Be2 Bxd5 15. Bg4+ {1-0 Quetz,A-Ferrari,P World School-ch U11 Girls 10th Juiz de Fora 2014 (2)}) 5. Be2 Bf5 6. Bd3 {D00: Damenbauernspiele.} Be6 {[%eval 15,22] [%wdl 55,926,19]} (6... Nxd3+ $15 {[%eval -42,26] [%wdl 8,866,126]} 7. cxd3 Nf6) 7. a3 Nxd3+ 8. cxd3 {Die Stellung ist ausgeglichen.} a5 9. Nf3 c5 $2 {[%eval 250,20] [%wdl 996,4,0] [#]} 10. Z0 $2 {[%eval 93,26] [%wdl 458,541,1]} (10. dxc5 $18 {[%eval 250,20] [%wdl 996,4,0] Und 0-0 würde nun gewinnen.} Nf6 11. d4) 10... c4 {[%eval 228,21] [%wdl 989,11,0]} (10... cxd4 $16 {[%eval 93,26] [%wdl 458,541,1]} 11. Nxd4 Bd7) 11. dxc4 $18 dxc4 12. O-O Qb6 {[%eval 304,22] [%wdl 999,1,0]} (12... Bd7 $142 {[%eval 217,22] [%wdl 984,16,0]} 13. d5 Nf6) 13. h3 g6 14. h4 $2 {[%eval 129,28] [%wdl 749,251,0]} (14. e4 $18 {[%eval 349,22] [%wdl 1000,0,0]}) 14... Nh6 {[%eval 198,19] [%wdl 970,30,0]} (14... Nf6 $16 {[%eval 129,28] [%wdl 749,251,0]}) 15. g3 {[%eval 55,26] [%wdl 187,808,5]} (15. d5 $18 {[%eval 198,19] [%wdl 970,30,0]} Bg4 16. Na4) 15... Ng4 16. Kg2 Qc6 $2 {[%eval 435,22] [%wdl 1000,0,0][%mdl 8192]} (16... Bg7 $11 {[%eval 16,25] [%wdl 56,925,19] und Schwarz muss sich keine Sorgen machen.}) 17. e4 $2 {[%eval 133,24] [%wdl 772,228,0]} (17. d5 $18 {[%eval 435,22] [%wdl 1000,0,0]} Bxd5 18. Qxd5) 17... Bg7 $2 {[%eval 423,19] [%wdl 1000,0,0][%mdl 8192]} (17... Bd7 $16 {[%eval 133,24] [%wdl 772,228,0] war nötig.}) 18. Bg5 $2 {[%eval 86,24] [%wdl 399,599,2]} (18. d5 $18 {[%eval 423,19] [%wdl 1000,0,0]} Bxd5 19. exd5 (19. Qxd5 Qxd5 20. exd5 Bxc3 $18)) 18... Qd6 19. Be3 $2 {[%eval -27,23] [%wdl 13,907,80]} (19. Bf4 $16 {[%eval 137,21] [%wdl 793,207,0]} Qa6 20. Ng5) 19... Nxe3+ $11 20. fxe3 f5 {[%eval 113,19] [%wdl 627,372,1]} (20... Qd7 $15 {[%eval -32,23] [%wdl 11,896,93] behält die Oberhand.}) 21. exf5 {[%eval -13,27] [%wdl 21,927,52]} (21. e5 $16 {[%eval 113,19] [%wdl 627,372,1]} Qb6 22. Qe2) 21... gxf5 22. Ng1 {[%eval -95,23] [%wdl 1,519,480]} (22. Ng5 $11 {[%eval 12,25] [%wdl 49,929,22] bleibt in der Remisbreite.} Bd7 23. Qh5+ Qg6 24. Qe2) 22... Bd5+ {[%eval 35,26] [%wdl 105,885,10]} (22... O-O-O $17 {[%eval -95,23] [%wdl 1,519,480]}) 23. Nxd5 $14 Qxd5+ 24. Nf3 {[%eval -29,21] [%wdl 12,903,85]} ({Besser ist} 24. Qf3 $14 {[%eval 54,26] [%wdl 183,812,5]} Qxf3+ 25. Nxf3) 24... Rc8 25. Qa4+ b5 26. Qxa5 c3 $2 {[%eval 255,21] [%wdl 996,4,0]} 27. bxc3 Qb3 28. Rac1 {[%eval 170,23] [%wdl 925,75,0]} (28. a4 $142 {[%eval 296,22] [%wdl 999,1,0]}) 28... Qb2+ {[%eval 286,20] [%wdl 999,1,0]} (28... O-O {[%eval 170,23] [%wdl 925,75,0] war einen Versuch wert.} 29. Qb4 Qd5) 29. Kg1 Qe2 30. h5 {[%eval 119,26] [%wdl 678,321,1]} (30. Rf2 $18 {[%eval 287,21] [%wdl 999,1,0] und Weiss behält klar die Oberhand.} Qc4 31. Rb2) 30... Qxe3+ {[#]} 31. Kg2 $1 Rb8 {[%eval 655,23] [%wdl 1000,0,0][%mdl 8192]} (31... O-O $16 {[%eval 137,22] [%wdl 793,207,0]}) 32. Rce1 $18 Qh6 33. Rh1 $2 {[%eval 108,23] [%wdl 588,411,1]} (33. Rxe7+ $18 {[%eval 669,22] [%wdl 1000,0,0] ist der präzise Gewinnweg.} Kxe7 34. Qc7+ Kf6 35. Qd6+ Kf7 36. Ne5+ {[%csl Of5][%mdl 64] Abzugsangriff, Ablenkung} Bxe5 37. Qxh6) 33... b4 $2 {[%eval 760,23] [%wdl 1000,0,0][%mdl 8192]} 34. axb4 {[%cal Oe1e7] Txe7+! ist eine echte Drohung.} f4 $2 {[%eval 32718,24] [%wdl 1000,0,0]} (34... O-O $18 {[%eval 388,23] [%wdl 1000,0,0]} 35. Rxe7 Kh8) 35. Qc7 $2 {[%eval 340,24] [%wdl 1000,0,0]} (35. Rxe7+ {[%eval 32718,24] [%wdl 1000,0,0] setzt Matt} Kxe7 36. Qc7+ Kf6 37. Qe5+ (37. Qxf4+ $2 {ist das falsche Schlagen.} Qxf4 38. gxf4 Bh6 $19) (37. gxf4 Kf5 $18) 37... Kf7 38. Ng5+ (38. Qxf4+ $2 Qxf4 39. gxf4 Bh6 $19) 38... Qxg5 39. Qxg5 f3+ 40. Kxf3) 35... Rd8 $2 {[%eval 32766,245] [%wdl 1000,0,0]} (35... O-O $18 {[%eval 340,24] [%wdl 1000,0,0]} 36. Qc4+ (36. Rxe7 Rbc8 $18) 36... Kh8) 36. Qxe7# {Gewichteter Fehlerwert: Weiß=1.30/Schwarz=1.50.  Verlustzug:     	---       	Schwarz=5     Gewinn verpasst:   	Weiß=4     	---        Fehler:       	Weiß=7     	Schwarz=9     Ungenau:       	Weiß=1     	Schwarz=5     OK:         	Weiß=4     	Schwarz=1     Bester:       	---       	Schwarz=1     Stark:        	Weiß=1     	---} 1-0

[Event "Vereinsjugendmeisterschaft 2024"]
[Site "Steinfurt"]
[Date "2024.05.19"]
[Round "4.9"]
[White "Heidger, Jayden"]
[Black "Sander, Sofie"]
[Result "0-1"]
[WhiteElo "750"]
[BlackElo "795"]
[PlyCount "34"]
[Beauty "8246337210373"]
[GameId "2056110788210887"]
[EventDate "2024.??.??"]
[WhiteTeam "SC Steinfurt 1996 e. V."]
[BlackTeam "SC Steinfurt 1996 e. V."]

{[%evp 9,33,-224,-130,-173,-120,-246,-132,-480,-470,-725,-711,-29977,-739,-738,-721,-29978,-939,-29996,-29997,-29997,-29997,-29997,-29998,-29998,-29999,-29999]} 1. f4 Nc6 2. h4 e5 3. Nh3 ({Vorgänger:} 3. Nc3 d6 4. Nf3 exf4 5. d4 Bf5 6. d5 Nce7 7. Bxf4 Nf6 8. Bg5 Ne4 9. Nxe4 Bxe4 10. Qd4 Bxf3 11. exf3 f6 12. Bd2 Nf5 13. Bb5+ c6 14. Qe4+ Ne7 15. dxc6 Qc7 16. cxb7+ {1-0 Willoughby,P (1151)-Ortiz,J (558) SN-2014-0-00595 LSS email}) 3... Bd6 4. g3 exf4 5. gxf4 Nf6 {[%eval -130,24] [%wdl 0,246,754]} (5... Qxh4+ $19 {[%eval -224,26] [%wdl 0,13,987]} 6. Nf2 Qxf4) 6. Bg2 {A02: Froms Gambit und Bird-Eröffnung.} O-O {Zielt auf ...Lc5 ab.} 7. O-O {[%eval -246,21] [%wdl 0,6,994]} (7. d4 $17 {[%eval -120,23] [%wdl 1,313,686] war angesagt.}) 7... Nh5 {[%eval -132,25] [%wdl 0,235,765]} (7... Bc5+ $19 {[%eval -246,21] [%wdl 0,6,994]} 8. e3 d5) 8. Bxc6 $2 {[%eval -480,21] [%wdl 0,0,1000][%mdl 8192] [#]} (8. d4 $17 {[%eval -132,25] [%wdl 0,235,765]}) 8... dxc6 $19 9. Qe1 {[%eval -725,22] [%wdl 0,0,1000]} (9. Ng5 $142 {[%eval -470,24] [%wdl 0,0,1000]} h6 (9... Bxf4 $2 10. e3 $19) (9... Nxf4 $2 10. d4 $19) 10. e3 Nxf4 11. exf4 hxg5 12. d3) 9... Bxh3 10. Rf2 Nxf4 {[%eval -739,24] [%wdl 0,0,1000]} (10... Qxh4 $142 {[%eval -32721,21] [%wdl 0,0,1000]} 11. d4 Qg3+ (11... Nxf4 $2 12. Bxf4 Bxf4 13. Nd2 $19) 12. Kh1 Bg2+ (12... Bxf4 $2 13. Qg1 $19) 13. Rxg2 Qxe1+ 14. Kh2 Nxf4 (14... Qxc1 {ist ein Selbstmatt.} 15. Rg4 Nxf4 16. e4 Qf1 17. Rg5 h6 18. Rg4 Qe2+ 19. Kh1 Qxg4 20. Kh2 Qg2#) 15. Bxf4 {[%mdl 64] Verteidiger eliminieren} Bxf4+ 16. Kh3 Qh1+ 17. Kg4 g5 (17... Qxg2+ 18. Kxf4 Rae8 19. Nd2 f5 20. e4 fxe4+ 21. Ke3 Qf2#) 18. Kf5 Qxg2 19. d5 cxd5 (19... Qxe2 20. Nc3 Qf3 21. Rf1 Qxf1 22. Ke4 Rfe8+ 23. Kf5 h5 24. Ne4 Be3+ 25. Nf2 Qxf2#) (19... Qxd5+ $2 20. Kg4 f5+ 21. Kh5 Qh1#) 20. Kf6 Qxe2 21. Kf5 Qe6#) 11. Rxf4 Bxf4 {Das Läuferpaar ist gut.} 12. e3 Bd6 {[%eval -939,23] [%wdl 0,0,1000]} (12... Qf6 $142 {[%eval -32723,23] [%wdl 0,0,1000]} 13. Qe2 Qg6+ 14. Kh1 Qg3 (14... Qxc2 $2 15. Nc3 $19) (14... Qe4+ {führt zum Matt.} 15. Kg1 Qg6+ 16. Kh1 Qg3 17. a4 Bg4 18. exf4 Rae8 19. Ra3 Qxh4+ 20. Rh3 Qxh3+ 21. Kg1 Rxe2 22. d4 Qg2#) 15. a4 Bg4 (15... Bf1 {wird mattgesetzt.} 16. exf4 Bxe2 17. Ra3 Qf2 18. Rh3 Rfe8 19. h5 Bf3+ 20. Rxf3 Re1#) 16. exf4 Bxe2 17. Ra3 Qf2 (17... Qxh4+ 18. Kg1 Rfe8 19. Kg2) 18. Rc3 Rfe8 (18... Qxh4+ 19. Kg2 Rfe8 20. Rg3) 19. Rh3 Bf3+ 20. Rxf3 Re1#) 13. Qg3 Bxg3 {Schwarz setzt Matt.} 14. d3 Qd5 {[%csl Gh3][%cal Rd5g2]} 15. e4 Qd4+ 16. Kh1 Qf2 {[%csl Gg3][%cal Rf2h2]} 17. Nd2 Qh2# {Weiß wurde aus der Eröffnung heraus überfahren.   Gewichteter Fehlerwert: Weiß=2.01/Schwarz=1.62.  Verlustzug:     	Weiß=1     	---        Fehler:       	Weiß=2     	Schwarz=1     Ungenau:       	Weiß=1     	Schwarz=1     OK:         	---       	Schwarz=1} 0-1